Dylan Thomas : (Record no. 25571)
[ view plain ]
| 000 -LEADER | |
|---|---|
| fixed length control field | 00777nam a22002535a 4500 |
| 005 - DATE AND TIME OF LATEST TRANSACTION | |
| control field | 20171113152620.0 |
| 008 - FIXED-LENGTH DATA ELEMENTS--GENERAL INFORMATION | |
| fixed length control field | 171113s2005 ii gr 000 0deng d |
| 040 ## - CATALOGING SOURCE | |
| Original cataloging agency | EG-ScBUE |
| Language of cataloging | eng |
| Transcribing agency | EG-ScBUE |
| 082 04 - DEWEY DECIMAL CLASSIFICATION NUMBER | |
| Classification number | 821.912 |
| Item number | TIL |
| Edition number | 22 |
| 100 1# - MAIN ENTRY--PERSONAL NAME | |
| Personal name | Tilak, Raghukul. |
| 245 10 - TITLE STATEMENT | |
| Title | Dylan Thomas : |
| Remainder of title | select poems / |
| Statement of responsibility, etc | Raghukul Tilak, Anupam Gupta. |
| 250 ## - EDITION STATEMENT | |
| Edition statement | 12th ed. |
| 260 ## - PUBLICATION, DISTRIBUTION, ETC. (IMPRINT) | |
| Place of publication, distribution, etc | New Delhi : |
| Name of publisher, distributor, etc | Rama Brothers, |
| Date of publication, distribution, etc | 2005. |
| 300 ## - PHYSICAL DESCRIPTION | |
| Extent | viii, 175 p. ; |
| Dimensions | 20 cm. |
| 490 0# - Series Statement | |
| Series statement | Studies in poets |
| 600 17 - SUBJECT ADDED ENTRY--PERSONAL NAME | |
| Personal name | Thomas, Dylan, |
| Dates associated with a name | 1914-1953 |
| General subdivision | Criticism and interpretation. |
| Source of heading or term | BUEsh |
| 650 #7 - SUBJECT ADDED ENTRY--TOPICAL TERM | |
| Topical term or geographic name as entry element | Poetry, Modern. |
| Source of heading or term | BUEsh |
| 650 #7 - SUBJECT ADDED ENTRY--TOPICAL TERM | |
| Topical term or geographic name as entry element | Welsh poetry. |
| Source of heading or term | BUEsh |
| 650 #7 - SUBJECT ADDED ENTRY--TOPICAL TERM | |
| Topical term or geographic name as entry element | English poetry. |
| Source of heading or term | BUEsh |
| 651 ## - SUBJECT ADDED ENTRY--GEOGRAPHIC NAME | |
| Source of heading or term | BUEsh |
| 653 ## - INDEX TERM--UNCONTROLLED | |
| Resource For college | Humanities: English |
| Arrived date list | November2017 |
| 700 1# - ADDED ENTRY--PERSONAL NAME | |
| Personal name | Gupta, Anupam. |
| 942 ## - ADDED ENTRY ELEMENTS (KOHA) | |
| Source of classification or shelving scheme | Dewey Decimal Classification |
| Withdrawn status | Item status | Source of classification or shelving scheme | Damaged status | Not for loan | Vendor | Home library | Current library | Shelving location | Date acquired | Source of acquisition | Cost, normal purchase price | Total Checkouts | Full call number | Barcode | Date last seen | Koha item type |
|---|---|---|---|---|---|---|---|---|---|---|---|---|---|---|---|---|
| Dewey Decimal Classification | Alahram | Central Library | Central Library | Second Floor | 13/11/2017 | Purchase | 30.00 | 821.912 TIL | 000012196 | 15/07/2025 | Book - Borrowing |